Normal view
MARC view
- TALY, NARENDRA
Entry Personal Name
001 - CONTROL NUMBER
- control field: 90138
003 - CONTROL NUMBER IDENTIFIER
- control field: NUST
005 - DATE AND TIME OF LATEST TRANSACTION
- control field: 20220301164513.0
008 - FIXED-LENGTH DATA ELEMENTS
- fixed length control field: 220301|| aca||aabn | a|a d
040 ## - CATALOGING SOURCE
- Original cataloging agency: NUST
- Transcribing agency: NUST
100 ## - HEADING--PERSONAL NAME
- Personal name: TALY, NARENDRA
670 ## - SOURCE DATA FOUND
- Source citation: Work cat.: (NUST): TALY, NARENDRA ., DESIGN OF REINFORCED MASONRY STRUCTURE /, 2010.
